Technical analysis demystified / (Record no. 14496)

MARC details
000 -LEADER
fixed length control field 01674nam a22003377a 4500
001 - CONTROL NUMBER
control field ENG-90536
005 - DATE AND TIME OF LATEST TRANSACTION
control field 20080721125330.0
006 - FIXED-LENGTH DATA ELEMENTS--ADDITIONAL MATERIAL CHARACTERISTICS--GENERAL INFORMATION
fixed length control field a|||||r|||||00| 0
008 - FIXED-LENGTH DATA ELEMENTS--GENERAL INFORMATION
fixed length control field 070604s2008 nyua 001 0 eng
010 ## - LIBRARY OF CONGRESS CONTROL NUMBER
LC control number ENG-90536
020 ## - INTERNATIONAL STANDARD BOOK NUMBER
International Standard Book Number 0070223955
Terms of availability 299.00
035 ## - SYSTEM CONTROL NUMBER
System control number EN-74069
037 ## - SOURCE OF ACQUISITION
Source of stock number/acquisition DBAD / PUB
040 ## - CATALOGING SOURCE
Original cataloging agency DPL
Language of cataloging EN
082 ## - DEWEY DECIMAL CLASSIFICATION NUMBER
Classification number 332.632042
100 ## - MAIN ENTRY--PERSONAL NAME
Personal name Brown, Constance M.
245 ## - TITLE STATEMENT
Title Technical analysis demystified /
Statement of responsibility, etc by Constance Brown.
260 ## - PUBLICATION, DISTRIBUTION, ETC. (IMPRINT)
Place of publication, distribution, etc New Delhi
Name of publisher, distributor, etc Tata McGraw-Hill Publishing
Date of publication, distribution, etc 2008.
300 ## - PHYSICAL DESCRIPTION
Extent xiii, 253 p. :
Other physical details ill. ;
Dimensions 24 cm.
500 ## - GENERAL NOTE
General note Includes index.
505 ## - FORMATTED CONTENTS NOTE
Formatted contents note How do past prices indicate future prices? -- When do you trade and how do you protect yourself? -- Which price levels are important? -- When is a market overbought or oversold? -- Does the price data give clues about direction? -- How do you know when so
650 ## - SUBJECT ADDED ENTRY--TOPICAL TERM
Topical term or geographic name as entry element Investment analysis.
650 ## - SUBJECT ADDED ENTRY--TOPICAL TERM
Topical term or geographic name as entry element Stock price forecasting.
830 ## - SERIES ADDED ENTRY--UNIFORM TITLE
Uniform title McGraw-Hill "Demystified" series.
856 ## - ELECTRONIC LOCATION AND ACCESS
Materials specified Publisher description
Uniform Resource Identifier <a href="http://www.loc.gov/catdir/enhancements/fy0728/2007023005-d.html">http://www.loc.gov/catdir/enhancements/fy0728/2007023005-d.html</a>
856 ## - ELECTRONIC LOCATION AND ACCESS
Materials specified Contributor biographical information
Uniform Resource Identifier <a href="http://www.loc.gov/catdir/enhancements/fy0728/2007023005-b.html">http://www.loc.gov/catdir/enhancements/fy0728/2007023005-b.html</a>
856 ## - ELECTRONIC LOCATION AND ACCESS
Materials specified Table of contents only
Uniform Resource Identifier <a href="http://www.loc.gov/catdir/enhancements/fy0728/2007023005-t.html">http://www.loc.gov/catdir/enhancements/fy0728/2007023005-t.html</a>
942 ## - ADDED ENTRY ELEMENTS (KOHA)
Source of classification or shelving scheme Dewey Decimal Classification
Koha item type English Books
Classification part 332.632042
Call number suffix BRO
Holdings
Withdrawn status Lost status Damaged status Not for loan Collection code Home library Current library Date acquired Source of acquisition Cost, normal purchase price Total Checkouts Full call number Barcode Date last seen Copy number Cost, replacement price Price effective from Koha item type
      Not For Loan Non-fiction D.B.Act.Division D.B.Act.Division 21/07/2008 DBAD / PUB 299.00   332.632042 BRO EN-74069 15/09/2008 1 299.00 15/09/2008 English Books

© Delhi Public Library
Hit Counter
free hit counter